| 000 | 01205mam a2200337 i 4500 | ||
|---|---|---|---|
| 001 | 2557627 | ||
| 005 | 20220326193329.0 | ||
| 008 | 000710s2000 enkach b 000 0deng d | ||
| 020 | _a0714838667 | ||
| 035 | _a(OCoLC)43340753 | ||
| 035 | _a(OCoLC)ocm43340753 | ||
| 035 | _a(NNC)2557627 | ||
| 040 |
_aDNGA _cDNGA _dMoSR _dMnU _dCtY |
||
| 082 |
_a701.18 _bB697m |
||
| 100 | 1 |
_aBonami, Francesco. _93051 |
|
| 245 | 1 | 0 |
_aMaurizio Cattelan / _cFrancesco Bonami, Nancy Spector, Barbara Vanderlinden. |
| 260 |
_aLondon : _bPhaidon, _c2000. |
||
| 300 |
_a160 : _bill. (chiefly col.), facsims., ports. ; _c29 cm. |
||
| 490 | 1 | _aContemporary artists | |
| 500 | _aSeries statement on jacket. | ||
| 500 | _aIncludes selected writings by and interviews with the artist. | ||
| 504 | _aIncludes bibliographical references (p. 158-159). | ||
| 505 |
_tInterview _tSurvey _tFocus _tArtist`s Choice _tArtist`s Writting _tCronology |
||
| 600 | 1 | 0 |
_aCattelan, Maurizio, _d1960- _93052 |
| 650 |
_aArtist Work _ycriticize _93053 |
||
| 700 | 1 |
_aSpector, Nancy. _93054 |
|
| 700 | 1 |
_aVanderlinden, Barbara. _93055 |
|
| 700 | 1 |
_aCattelan, Maurizio, _d1960- _93056 |
|
| 830 | 0 |
_aContemporary artists. _93057 |
|
| 999 |
_c679 _d679 |
||